Statistics for Harry Potter or Lord of the Rings - Click Quiz #1

Click here to take the quiz!

General Stats

  • This quiz has been taken 130 times
    (100 since last reset)
  • The average score is 18 of 20

Answer Stats

HintAnswer% Correct
Saruman
99%
Hermione
99%
Neville
97%
Hedwig
97%
Isildur
96%
Bilbo Baggins
96%
Legolas
96%
Albus Dumbledore
96%
Viktor Krum
96%
Aragorn
95%
Ugluk
95%
Gandalf
95%
Treebeard
94%
Buckbeak
92%
Voldemort
92%
Kreacher
88%
Tom Bombadil
86%
Marvolo Gaunt
85%
Firenze
78%
Fenrir
55%

Score Distribution

Percentile by Number Answered

Percent of People with Each Score

Your Score History

You have not taken this quiz since the last reset